000 02748nam0a2200397 4500
001 RU\NLR\BIBL_A\012577548
005 20250130160637.0
010 _a978-5-7972-2832-5
_9500
021 _aRU
_bКН-П-21-023148
_9КН-П-21-1798
035 _a(NLR Aleph) 012577548
090 _a12511297
_c12511297
100 _a20210811d2020 k y0rusy50 ca
101 0 _amul
102 _aRU
105 _ay|||z|||110zy
181 0 _ai
_baxxe
182 0 _an
200 1 _aИностранные языки в современном мире
_eматериалы международной студенческой научно-практической конференции, 18 ноября 2020 года
_fМинистерство науки и высшего образования Российской Федерации, Ростовский государственный экономический университет (РИНХ), Факультет лингвистики и журналистики
_gредакционная коллегия: Т.В. Евсюкова [и др.]
203 _aТекст
_bвизуальный
_cнепосредственный
210 _aРостов-на-Дону
_cИздательско-полиграфический комплекс РГЭУ (РИНХ)
_d2020
215 _a183, [1] с.
_d21
300 _aНа обл.: Победа! 75, 1945-2020
300 _aЧасть текста нем., фр., англ.
320 _aБиблиогр. в конце ст.
606 1 _aЯзыкознание
_jСъезды, совещания и т.п
_9911558
_3RU\NLR\AUTH\6613279
606 1 _aИностранные языки
_jСъезды, совещания и т.п.
_xНаучно-исследовательская работа студентов
_91746545
_3RU\NLR\auth\66781989
686 1 _aШ1я431
686 1 _aЧ486.17(2Р)-268я431
702 1 _4340
_7ca
_8rus
_aЕвсюкова
_bТ. В.
_f1946-
_gТатьяна Всеволодовна
_9136655
_3RU\NLR\AUTH\770136690
711 1 2 _a"Иностранные языки в современном мире", международная научно-практическая студенческая конференция
_eРостов-на-Дону
_f2020
_9763386
_3RU\NLR\AUTH\880548935
712 0 2 _4557
_aРостовский государственный экономический университет
_bФакультет лингвистики и журналистики
_cРостов-на-Дону
_9578985
_3RU\NLR\AUTH\8810039968
942 _cBOOK
980 _aNB